00801 2200265 4500001002100000005001500021035002000036007000300056008004100059082001400100084001600114100003900130245010800169300004100277650001200318700002800330264004000358336002100398337003000419338002300449040002200472090001800494850001200512990001100524INLIS00000000088366820240207103354 a0010-0224000215ta240207s1866 d g ger d04223a523.4 a523.4 HUM k0 aHumboldt, Alexander VonePengarang10aKosmos ontwerp eener natuurkundige wereldbeschrijving /cAlexander Von Humboldt; penerjemah, E.M. Beima a620 halaman :btabel, bagan ;c22 cm 4aSatelit0 aBeima, E.M.ePenerjemah31aHarlingen :bJ. F. V. Behnrs,c1866 2rdacontentateks 2rdamediaatanpa perantara 2rdacarrieravolume aYOPDYOGbinderda aL 523.4 HUM k aYOPDYOG a6038-a